Kingpin Quiz Stats

 Plays Quiz not verified by Sporcle

Also try: Movie By Trailer
Challenge
Share
Tweet
Embed
Score 0/18 Timer 06:00
0 Plays Today
% Correct
It's against it
72.6%
Trojan
68.1%
Odor Eaters
64.6%
Dictionary salesmen
62.8%
She winds it
61.9%
She has narrow hips
58.4%
Buckets
51.3%
Roger Clemens
50.4%
Blues Traveler
46%
% Correct
Chris Elliot
46%
Ocelot
42.5%
For his morning coffee
40.7%
1103
29.2%
38 dollars
24.8%
500 dollars
23%
For the first couple years
23%
Mark Roth
21.2%
84,000
19.5%

You're not logged in!

Compare scores with friends on all Sporcle quizzes.
Join for Free
OR
Log In

You Might Also Like...

Show Comments

Extras

Created Feb 7, 2012ReportNominate
Tags:Movie Titles Quiz

Top Quizzes Today


Score Distribution

Your Account Isn't Verified!

In order to create a playlist on Sporcle, you need to verify the email address you used during registration. Go to your Sporcle Settings to finish the process.

Report this User

Report this user for behavior that violates our Community Guidelines.

Details: